• 首页
  • 本馆介绍
  • 公告通知
  • 最新文献
  • 馆藏检索
  • 电子资源
  • 读者导购
  • 参考咨询
  • 我的图书馆
  • 登录
  • 详细信息显示
  • 放入我的书架
  • 预约/预借图书
  • 作者相关作品
  • 分类相关作品
  • 丛书相关作品
  • 出版社相关作品

书目信息

  • 表格格式
  • 工作单格式
  • 卡片格式
题名:
百年航母
    
 
作者: 张召忠 著
分册: 下  
出版信息: 广州   广东经济出版社  2012.01
页数: 216-409页
开本: 24cm
丛书名: 话说中国海洋
单 册:
中图分类: E925.671
科图分类:
主题词: 航空母舰--发展史--世界 , 航空母舰 , 发展史
电子资源:
ISBN: 978-7-5454-0853-9
000 00915oam2 2200277 450
001 010050026085
005 20120619083441.04
010    @a978-7-5454-0853-9@dCNY33.00,66.00(全2册)
100    @a20111227d2012 em y0chiy50 ea
101 0  @achi
102    @aCN@b440000
105    @aa z 000yy
106    @ar
200 1  @a百年航母@9bai nian hang mu@h下@f张召忠著
210    @a广州@c广东经济出版社@d2012.01
215    @a216-409页@c图@d24cm
225 2  @a话说中国海洋@i军事系列
330    @a本书主要内容包括:分门别类谈航母、航空母舰的历史沿革、航母舰载机的前世今生、航空母舰是怎样打造出来的、航空母舰的战场环境等。
462  0 @12001 @a话说中国海洋@i军事系列@1701 0@a张召忠@4主编
606 0  @a航空母舰@x发展史@y世界
606 0  @a航空母舰
606 0  @a发展史
690    @aE925.671@v4
701  0 @a张召忠@9zhang zhao zhong@4著
801  0 @aCN@bRENTIAN@c20111227
905    @b538321-26@dE925.671@e26:2@f6
    
    百年航母.下/张召忠著.-广州:广东经济出版社,2012.01
    216-409页:图;24cm.-(话说中国海洋.军事系列)
    
    
    ISBN 978-7-5454-0853-9:CNY33.00,66.00(全2册)
    本书主要内容包括:分门别类谈航母、航空母舰的历史沿革、航母舰载机的前世今生、航空母舰是怎样打造出来的、航空母舰的战场环境等。
●
相关链接 在E读中查询图书 在五车中查询图书 在当当中查询图书 在豆瓣中查询图书


正题名:百年航母     索取号:E925.671/26:2         预约/预借

序号 登录号 条形码 馆藏地/架位号 状态 备注
1 538321   205383217   第一样本阅览室/ [索取号:E925.671/26:2] 在馆    
2 538322   205383226   第一借阅区/ [索取号:E925.671/26:2] 在馆    
3 538323   205383235   第一借阅区/ [索取号:E925.671/26:2] 在馆    
4 538324   205383244   第一借阅区/ [索取号:E925.671/26:2] 在馆    
5 538325   205383253   第一借阅区/ [索取号:E925.671/26:2] 在馆    
6 538326   205383262   第一借阅区/ [索取号:E925.671/26:2] 在馆    
唐山师范学院图书馆 欢迎您!
大连网信软件有限公司© 版权所有